Right Down the Line - Gerry Rafferty (All Lyrics) - Statistics

General Stats
  • This quiz has been taken 25 times
  • The average score is 193 of 246
Answer Stats
Answer % Correct
a
100%
down
100%
I
100%
it
100%
line
100%
my
100%
no
100%
Right
100%
the
100%
The
100%
You
100%
you
100%
been
93%
in
93%
know
93%
love
93%
never
93%
on
93%
that
93%
That
93%
When
93%
woman
93%
And
86%
before
86%
every
86%
is
86%
it's
86%
It's
86%
just
86%
me
86%
this
86%
was
86%
your
86%
You've
86%
as
79%
could
79%
life
79%
need
79%
Of
79%
of
79%
say
79%
tellin'
79%
to
79%
way
79%
day
71%
got
71%
I'll
71%
lovin'
71%
mind
71%
more
71%
over
71%
share
71%
so
71%
wanna
71%
all
64%
can
64%
doubt
64%
everything
64%
had
64%
hold
64%
If
64%
I'm
64%
I've
64%
much
64%
see
64%
wanted
64%
how
57%
lean
57%
leave
57%
light
57%
Long
57%
night
57%
Northern
57%
Star
57%
Yeah
57%
behind
50%
constant
50%
crazy
50%
dreams
50%
Have
50%
left
50%
let
50%
Only
50%
only
50%
shines
50%
them
50%
those
50%
Threw
50%
through
50%
Through
50%
away
43%
brightest
43%
'Cause
43%
darkest
43%
into
43%
myself
43%
should
43%
They'd
43%
turn
43%
brought
36%
else
36%
Put
36%
put
36%
someone
36%
won't
36%
losing
29%
mark
29%
somethin'
29%
believed
21%
better
21%
changes
21%
inside
21%
ground
14%
No matching quizzes found
Score Distribution
Percent of People with Each Score
Percentile by Number Answered
Your Score History
You have not taken this quiz